[Event "FRA-chT1B 0607"]
[Site "France"]
[Date "2007.02.10"]
[Round "7.6"]
[White "Stoven, Gilles Noel"]
[Black "Rabeyrin, Jean Jacques"]
[Result "0-1"]
[WhiteElo "2142"]
[BlackElo "2283"]
[PlyCount "98"]
[EventDate "2006.10.15"]
[EventType "team"]
[EventRounds "11"]
[EventCountry "FRA"]
[SourceTitle "EXT 2008"]
[Source "ChessBase"]
[SourceDate "2007.11.25"]
[SourceVersion "1"]
[SourceVersionDate "2007.11.25"]
[SourceQuality "1"]
[WhiteTeam "Lutece"]
[BlackTeam "Vincennes"]
[WhiteTeamCountry "FRA"]
[BlackTeamCountry "FRA"]

1. e4 c5 2. d4 cxd4 3. c3 Nf6 4. e5 Nd5 5. Nf3 e6 6. cxd4 d6 7. Nc3 Nxc3 8. bxc3 Qc7 9. Bd2 Nd7 10. exd6 Bxd6 11. Ng5 0-0 12. Qf3 Nf6 13. Bd3 e5 14. 0-0 exd4 15. cxd4 Bg4 16. Bxh7+ Kh8 17. Qd3 Bxh2+ 18. Kh1 Bf4 19. Be4 Rae8 20. f3 Bc8 21. Rfd1 Nh5 22. g4 Bxg5 23. Bxg5 Bxg4 24. fxg4 Ng3+ 25. Kg2 Nxe4 26. Rac1 Qd6 27. Rh1+ Kg8 28. Qh3 f6 29. Be3 Qg3+ 30. Qxg3 Nxg3 31. Rhe1 Ne4 32. Rc7 Rf7 33. Rec1 Ree7 34. Rc8+ Kh7 35. Rd8 Rd7 36. Rcc8 Kg6 37. Kf3 Nd6 38. Rxd7 Rxd7 39. Rc5 b6 40. Rc6 Kf7 41. a4 Ke6 42. Bf2 Kd5 43. Rc2 Re7 44. a5 Nc4 45. axb6 axb6 46. Kg3 b5 47. Rc3 Re2 48. Rf3 Nd6 49. Bg1 b4 0-1

[Event "FRA-chT1B 0607"]
[Site "France"]
[Date "2007.01.21"]
[Round "6.7"]
[White "Rabeyrin, Jean Jacques"]
[Black "Debray, Tristan"]
[Result "1-0"]
[WhiteElo "2283"]
[BlackElo "2151"]
[PlyCount "95"]
[EventDate "2006.10.15"]
[EventType "team"]
[EventRounds "11"]
[EventCountry "FRA"]
[SourceTitle "EXT 2008"]
[Source "ChessBase"]
[SourceDate "2007.11.25"]
[SourceVersion "1"]
[SourceVersionDate "2007.11.25"]
[SourceQuality "1"]
[WhiteTeam "Vincennes"]
[BlackTeam "Lyon Olympique"]
[WhiteTeamCountry "FRA"]
[BlackTeamCountry "FRA"]

1. e4 Nf6 2. e5 Nd5 3. d4 d6 4. Nf3 Bg4 5. Be2 e6 6. 0-0 Be7 7. c4 Nb6 8. exd6 cxd6 9. Be3 0-0 10. Nbd2 Nc6 11. Rc1 Rc8 12. Re1 d5 13. c5 Nd7 14. Qa4 f5 15. Bf4 g5 16. Bd6 Bxd6 17. cxd6 Bxf3 18. Nxf3 g4 19. Ne5 Ndxe5 20. dxe5 Nxe5 21. Rxc8 Qxc8 22. Qxa7 Nf7 23. Qa3 Rd8 24. h3 gxh3 25. Bh5 h2+ 26. Kh1 Qd7 27. Qg3+ Kf8 28. Qh4 Qxd6 29. Bxf7 Kxf7 30. Qxh7+ Kf8 31. Rc1 Qd7 32. Qh6+ Ke7 33. Qg7+ Kd6 34. Qd4 Qb5 35. Qf4+ e5 36. Qh6+ Kd7 37. Qg7+ Kd6 38. Qf6+ Kd7 39. Qxe5 Qa5 40. Qxf5+ Kd6 41. Qf6+ Kd7 42. Qf7+ Kd6 43. Qxb7 Rd7 44. Qb8+ Ke7 45. b4 Qa6 46. Re1+ Kf6 47. Qf4+ Kg7 48. Qg4+ 1-0

[Event "FRA-chT2 0405"]
[Site "France"]
[Date "2005.01.09"]
[Round "6.5"]
[White "Rabeyrin, Jean Jacques"]
[Black "Mietlicki, Richard"]
[Result "0-1"]
[WhiteElo "2276"]
[BlackElo "2135"]
[PlyCount "92"]
[EventDate "2004.10.10"]
[EventType "team"]
[EventRounds "11"]
[EventCountry "FRA"]
[SourceTitle "EXT 2006"]
[Source "ChessBase"]
[SourceDate "2005.11.24"]
[SourceVersion "1"]
[SourceVersionDate "2005.11.24"]
[SourceQuality "1"]
[BlackTeam "Poitiers"]
[BlackTeamCountry "FRA"]

1. e4 c5 2. Nf3 e6 3. d4 cxd4 4. Nxd4 a6 5. Nc3 Qc7 6. Be2 Nc6 7. 0-0 b5 8. a3 Bb7 9. Kh1 Nf6 10. f4 Nxd4 11. Qxd4 Bc5 12. Qd3 d5 13. e5 Ne4 14. Nxe4 dxe4 15. Qg3 g6 16. c3 h5 17. h3 h4 18. Qg5 Be7 19. Qg4 Qc5 20. Bd2 Bd5 21. Rae1 Rd8 22. Be3 Qc6 23. Rd1 a5 24. Rd2 Rb8 25. Rc1 Bc5 26. Bxc5 Qxc5 27. Rd4 b4 28. a4 bxc3 29. bxc3 Qa3 30. Rcd1 Qxc3 31. Bb5+ Kf8 32. R4d2 Qg3 33. Qxg3 hxg3 34. Re2 Rh4 35. Rf1 Rc8 36. Re3 Rc2 37. Rd1 Rxf4 38. Rxg3 Rf5 39. Re3 Rxe5 40. g4 f5 41. Rf1 Kg7 42. g5 Bb7 43. Rd1 Rd5 44. Ree1 e3 45. Kg1 f4 46. Rc1 Rxg5+ 0-1

[Event "FRA-chT2 0405"]
[Site "France"]
[Date "2004.12.05"]
[Round "4.4"]
[White "Rabeyrin, Jean Jacques"]
[Black "Houhou, Olivier"]
[Result "1/2-1/2"]
[WhiteElo "2276"]
[BlackElo "2271"]
[PlyCount "110"]
[EventDate "2004.10.10"]
[EventType "team"]
[EventRounds "11"]
[EventCountry "FRA"]
[SourceTitle "EXT 2006"]
[Source "ChessBase"]
[SourceDate "2005.11.24"]
[SourceVersion "1"]
[SourceVersionDate "2005.11.24"]
[SourceQuality "1"]
[WhiteTeam "Evry II"]
[BlackTeam "Issy les Moulineaux"]
[WhiteTeamCountry "FRA"]
[BlackTeamCountry "FRA"]

1. e4 c5 2. Nf3 b6 3. Nc3 Bb7 4. d4 cxd4 5. Nxd4 a6 6. Bd3 e6 7. 0-0 Qc7 8. Be3 d6 9. f4 Nf6 10. Kh1 Nbd7 11. Qe2 Be7 12. Bg1 h5 13. h3 h4 14. Qf2 b5 15. a3 d5 16. Rfe1 dxe4 17. Nxe4 Rc8 18. Rad1 Nxe4 19. Bxe4 Bxe4 20. Rxe4 Nf6 21. Re2 Rd8 22. c3 Nh5 23. Bh2 0-0 24. Rde1 Bf6 25. Re4 Rd5 26. Nf3 Rfd8 27. Nxh4 Rd2 28. R4e2 Rxe2 29. Rxe2 Rd1+ 30. Re1 Rxe1+ 31. Qxe1 Nxf4 32. Nf3 e5 33. Bxf4 exf4 34. Qe4 Qd6 35. Qe8+ Qf8 36. Qc6 Qd8 37. Qxa6 Bh4 38. Nxh4 Qxh4 39. Qxb5 f3 40. Qf1 f2 41. Kh2 Qf4+ 42. g3 Qf3 43. a4 f5 44. h4 Kh7 45. a5 Kh6 46. a6 g5 47. hxg5+ Kxg5 48. a7 f4 49. gxf4+ Kxf4 50. Qc4+ Ke3 51. Qe6+ Kd2 52. Qd7+ Kc1 53. Qb5 f1Q 54. Qxf1+ Qxf1 55. a8Q Kxb2 1/2-1/2

[Event "Paris-ch op"]
[Site "Paris"]
[Date "2002.07.12"]
[Round "7"]
[White "Rabeyrin, Jean Jacques"]
[Black "Bellaiche, Antony"]
[Result "0-1"]
[WhiteElo "2262"]
[BlackElo "2369"]
[PlyCount "92"]
[EventDate "2002.07.06"]
[EventType "swiss"]
[EventRounds "9"]
[EventCountry "FRA"]
[SourceTitle "CBM 089 Extra"]
[Source "ChessBase"]
[SourceDate "2002.09.10"]
[SourceVersion "2"]
[SourceVersionDate "2002.09.10"]
[SourceQuality "1"]

1. e4 c5 2. Nf3 Nc6 3. d4 cxd4 4. Nxd4 e6 5. g3 a6 6. Bg2 Qc7 7. Nc3 d6 8. 0-0 Bd7 9. Nce2 Nxd4 10. Nxd4 Nf6 11. Re1 Be7 12. Qd3 Rc8 13. c3 0-0 14. Qe2 Qc4 15. e5 Qxe2 16. Nxe2 dxe5 17. Bxb7 Rb8 18. Bxa6 Bc6 19. Bc4 Ne4 20. b4 Bb7 21. Bd3 Rbd8 22. Bxe4 Bxe4 23. Be3 Bf3 24. Kf1 f5 25. Ng1 Bd5 26. f4 exf4 27. Bxf4 Bc4+ 28. Kf2 g5 29. Be5 Rd2+ 30. Ke3 Rfd8 31. Bd4 Rg2 32. Rad1 Rxa2 33. h3 g4 34. h4 Rd5 35. Bb6 Rb5 36. Bc7 Bf6 37. Rc1 Rd5 38. Red1 Rxd1 39. Rxd1 Bxc3 40. Kf4 Bf6 41. Rc1 Bd5 42. b5 Rb2 43. b6 Rb4+ 44. Ke3 Bd4+ 45. Kd3 Be4+ 46. Kd2 Rb2+ 0-1

[Event "Paris-ch op"]
[Site "Paris"]
[Date "2001.07.23"]
[Round "3"]
[White "Rabeyrin, Jean Jacques"]
[Black "Bergez, Luc"]
[Result "0-1"]
[WhiteElo "2175"]
[BlackElo "2392"]
[PlyCount "86"]
[EventDate "2001.07.21"]
[EventType "swiss"]
[EventRounds "9"]
[EventCountry "FRA"]
[SourceTitle "CBM 083 Extra"]
[Source "ChessBase"]
[SourceDate "2001.09.11"]
[SourceVersion "1"]
[SourceVersionDate "2001.09.11"]
[SourceQuality "1"]

1. e4 c5 2. Nf3 d6 3. d4 cxd4 4. Nxd4 Nf6 5. Nc3 g6 6. Be3 Bg7 7. f3 0-0 8. Qd2 Nc6 9. 0-0-0 d5 10. Kb1 Nxd4 11. Bxd4 dxe4 12. fxe4 Be6 13. Be2 Qa5 14. Nd5 Qxd2 15. Nxf6+ Bxf6 16. Rxd2 Rfd8 17. Rhd1 Bg5 18. Be3 Rxd2 19. Bxd2 Bxd2 20. Rxd2 Rc8 21. b3 Kg7 22. Kb2 Kf6 23. Bd3 Ke5 24. g3 g5 25. Kc1 f6 26. Kd1 Bg4+ 27. Ke1 Bf3 28. c4 Rd8 29. Bf1 Rxd2 30. Kxd2 Bxe4 31. Ke3 f5 32. b4 f4+ 33. gxf4+ gxf4+ 34. Kd2 Kd4 35. a4 e5 36. a5 f3 37. c5 Bd5 38. a6 e4 39. axb7 e3+ 40. Ke1 Bxb7 41. Bb5 Bc8 42. c6 a6 43. Bf1 Bg4 0-1

[Event "Paris-ch op"]
[Site "Paris"]
[Date "2000.07.22"]
[Round "8"]
[White "Baillon, Olivier"]
[Black "Rabeyrin, Jean Jacques"]
[Result "0-1"]
[WhiteElo "2217"]
[BlackElo "2115"]
[PlyCount "92"]
[EventDate "2000.07.15"]
[EventType "swiss"]
[EventRounds "9"]
[EventCountry "FRA"]
[SourceTitle "EXT 2001"]
[Source "ChessBase"]
[SourceDate "2000.11.22"]
[SourceVersion "1"]
[SourceVersionDate "2000.11.22"]
[SourceQuality "1"]

1. e4 c5 2. Nf3 d6 3. d4 cxd4 4. Qxd4 Nc6 5. Bb5 Bd7 6. Bxc6 Bxc6 7. Nc3 h6 8. Be3 Nf6 9. 0-0-0 Ng4 10. h3 Nxe3 11. Qxe3 e6 12. Nd4 Be7 13. e5 d5 14. f4 Qb6 15. Qg3 g6 16. Nxe6 fxe6 17. Qxg6+ Kd7 18. f5 Qe3+ 19. Kb1 Qxe5 20. fxe6+ Qxe6 21. Qh5 Raf8 22. Rhe1 Qf5 23. Qe2 Bd6 24. g4 Qf7 25. Nb5 Re8 26. Nxd6 Kxd6 27. Qh2+ Kd7 28. Rf1 Qe6 29. c4 Qe4+ 30. Ka1 Rhf8 31. Rxf8 Rxf8 32. cxd5 Bxd5 33. Qd2 Kc8 34. Qxh6 Rd8 35. Qg5 Qf3 36. Rc1+ Bc6 37. a3 Qxh3 38. Qc5 Qxg4 39. Qxa7 Rd1 40. Qc5 Rxc1+ 41. Qxc1 Qe4 42. b3 Qh1 43. Qxh1 Bxh1 44. a4 Kc7 45. a5 Kc6 46. a6 b6 0-1